Latvia: economics resources and capacities
Gorde:
| Egile nagusia: | |
|---|---|
| Formatua: | Liburua |
| Hizkuntza: | ingelesa |
| Argitaratua: |
Washington, D.C
Latvian
1943
|
| Gaiak: | |
| Etiketak: |
Etiketa erantsi
Etiketarik gabe, Izan zaitez lehena erregistro honi etiketa jartzen!
|
MARC
| LEADER | 00000nam a2200000 a 4500 | ||
|---|---|---|---|
| 001 | UCO2176 | ||
| 003 | CL-VaPUC | ||
| 008 | 000602e19430000us |||||||||||||||||eng|d | ||
| 082 | 0 | 4 | |a 947.43 |b EKI |2 21 |
| 100 | 0 | |a Ekis, Ludvigs |e author |9 445091 | |
| 245 | 1 | 0 | |a Latvia: economics resources and capacities |
| 300 | |a 112 p | ||
| 942 | |c BK | ||
| 945 | |d 20000602 00:00:00 |a rherrera | ||
| 260 | |a Washington, D.C |b Latvian |c 1943 | ||
| 650 | 0 | |a Historia de Rusia |9 343091 | |
| 650 | 7 | |a HISTORIA DE LETONIA |2 CL-VaPUC |9 445092 | |
| 650 | 0 | |a Economía |9 255568 | |
| 651 | 7 | |a LETONIA |2 CL-VaPUC |9 445093 | |
| 583 | |a last modification |c 20171120 02:46:20 |k Rodrigo Vera | ||
| 999 | |c 288715 |d 288713 | ||
| 952 | |0 0 |1 0 |4 0 |6 947_430000000000000_EKI_1943 |7 0 |8 X |9 336614 |a BIBHIS |b BIBHIS |d 2019-11-20 |i 1283154 |o 947.43 EKI 1943 |p 1283154 |r 2024-01-30 |w 2019-11-20 |y BK_X |k HIS | ||